Normal view MARC view
  • Technology

Entry Topical Term

Number of records used in: 1

001 - CONTROL NUMBER

  • control field: 24616

003 - CONTROL NUMBER IDENTIFIER

  • control field: NUST

005 - DATE AND TIME OF LATEST TRANSACTION

  • control field: 20191023113657.0

008 - FIXED-LENGTH DATA ELEMENTS

  • fixed length control field: 191023|| aca||aabn | a|a d

040 ## - CATALOGING SOURCE

  • Original cataloging agency: NUST
  • Transcribing agency: NUST

150 ## - HEADING--TOPICAL TERM

  • Topical term or geographic name entry element: Technology
  • General subdivision: Moral and ethical aspects.

670 ## - SOURCE DATA FOUND

  • Source citation: Work cat.: (NUST)0: Poel, Ibo van de, 1966- 24615, Ethics, Technology, and Engineering :, 2011, ©2011.
© 2023 Central Library, National University of Sciences and Technology. All Rights Reserved.